प्रबन्धकीय निर्णय हेतु लेखांकन / (Record no. 49333)

MARC details
000 -LEADER
fixed length control field 01311nam a22002297a 4500
005 - DATE AND TIME OF LATEST TRANSACTION
control field 20101220152832.0
010 ## - LCCN (DPL NO)
LC control number B-421998
020 ## - INTERNATIONAL STANDARD BOOK NUMBER
International Standard Book Number 9788127267216
Terms of availability 350.00
035 ## - SYSTEM CONTROL NUMBER
System control number B-421998
037 ## - SOURCE OF ACQUISITION
Stock number यू.बी.एच. / वितरक
082 ## - DEWEY DECIMAL CLASSIFICATION NUMBER
Classification number 658.1511
100 ## - MAIN ENTRY--PERSONAL NAME
Personal name वर्मा, जी.डी
245 ## - TITLE STATEMENT
Title प्रबन्धकीय निर्णय हेतु लेखांकन /
Statement of responsibility, etc जी. डी. वर्मा, शशि के. गुप्ता एवं आर.के. शर्मा
246 ## - VARYING FORM OF TITLE
Title proper/short title Prabandhkiya nitnay hetu lekhankan
Remainder of title by G.D.Verma,Shashi K. Gupta and R.K. Sharma
260 ## - PUBLICATION, DISTRIBUTION, ETC. (IMPRINT)
Name of publisher, distributor, etc कल्याणी पब्लिशर्स
Date of publication, distribution, etc 2011 (पु.मु.)
Place of publication, distribution, etc लुधियाना
300 ## - PHYSICAL DESCRIPTION
Extent वि.पृ.
Other physical details 24 सेमी(अजिल्द)
700 ## - ADDED ENTRY--PERSONAL NAME
Personal name गुप्ता, शशि के.
9 (RLIN) 24988
700 ## - ADDED ENTRY--PERSONAL NAME
Personal name शर्मा, आर.के.
9 (RLIN) 24989
942 ## - ADDED ENTRY ELEMENTS (KOHA)
Source of classification or shelving scheme Dewey Decimal Classification
Item type Hindi Books
Classification part 658.1511
Call number suffix वर्माजी
Holdings
Withdrawn status Lost status Not for loan Collection code Home library Current library Date acquired Source of acquisition Cost, normal purchase price Full call number Barcode Copy number Cost, replacement price Koha item type
      Non-fiction Central Library Central Library 06/01/2011 UBH/215/20.12.10/स्पे.पा./35/20.12.10/20.12.10 350.00 658.1511 वर्माजी B-421998 1 350.00 Hindi Books

© Delhi Public Library
Hit Counter
free hit counter